| 000 | 01180cab a2200277 4500 | ||
|---|---|---|---|
| 001 | WB3045-81 | ||
| 008 | 090401t1994 xxu||||| |||| 00| 0 eng d | ||
| 035 | _a(Sirsi) u16826 | ||
| 041 | _aeng | ||
| 245 | _aBudget 1994 | ||
| 260 | _c1994 | ||
| 350 | _a0 | ||
| 490 |
_aInland Revenue Press Release _v29 November 1994 (31) |
||
| 520 | _a(a) Capital Gains Tax : annual exempt amount (b) Capital Gains Tax : re-investment relief (c) Capital allowance for privately-financed roads (d) Capital Gains Tax : roll-over relief within groups of companies (e) Industrial building allowances (f) Tax treatment of short rotation coppice (g) Self assessment (h) Taxation of income from property and self assessment (i) Self-assessment : employers and employees - outcome of consulations (j) Self assessment : transition to current year basis anti-avoidance provisions | ||
| 650 | _aBUDGET 1994 | ||
| 650 | _aCAPITAL ALLOWANCES | ||
| 650 | _aCAPITAL GAINS TAX | ||
| 650 | _aENERGY CROPS | ||
| 650 | _aROLL-OVER RELIEF | ||
| 650 | _aSELF ASSESSMENT | ||
| 650 | _aSHORT ROTATION COPPICE | ||
| 650 | _aTAX EXEMPTION | ||
| 690 | _aTAXATION | ||
| 942 | _n0 | ||
| 948 | _c04/03/1997 | ||
| 999 |
_c11135 _d11135 |
||